Health and wellness/ (Record no. 13928)

000 -LEADER
fixed length control field 00658nam a22002057a 4500
008 - FIXED-LENGTH DATA ELEMENTS--GENERAL INFORMATION
fixed length control field 160921b xxu||||| |||| 00| 0 eng d
020 ## - INTERNATIONAL STANDARD BOOK NUMBER
International Standard Book Number 076370899
020 ## - INTERNATIONAL STANDARD BOOK NUMBER
International Standard Book Number 076370962X
050 ## - LIBRARY OF CONGRESS CALL NUMBER
Classification number RA 776
Item number .E24 1998b
100 ## - MAIN ENTRY--PERSONAL NAME
Personal name Edlin, Gordon
245 ## - TITLE STATEMENT
Title Health and wellness/
Statement of responsibility, etc. Gordon Edlin, Eric Golanty and Kelli Mccormack Brown
250 ## - EDITION STATEMENT
Edition statement 6th ed.
260 ## - PUBLICATION, DISTRIBUTION, ETC. (IMPRINT)
Place of publication, distribution, etc. Boston:
Name of publisher, distributor, etc. Jones and bartlett publishers;
Date of publication, distribution, etc. 1998.
300 ## - PHYSICAL DESCRIPTION
Extent xxiii,603p. :ill. ;
Other physical details Includes index
Dimensions 23cm
650 ## - SUBJECT ADDED ENTRY--TOPICAL TERM
Topical term or geographic name as entry element Health.
650 ## - SUBJECT ADDED ENTRY--TOPICAL TERM
Topical term or geographic name as entry element Holistic medicine.
700 ## - ADDED ENTRY--PERSONAL NAME
Personal name Golantly, Eric
700 ## - ADDED ENTRY--PERSONAL NAME
Personal name Brown, Kelli Mccormack
942 ## - ADDED ENTRY ELEMENTS (KOHA)
Source of classification or shelving scheme
Koha item type Hard Covered Materials
Classification part RA 776 .E24 1998b
Holdings
Withdrawn status Lost status Source of classification or shelving scheme Damaged status Not for loan Home library Current library Shelving location Date acquired Source of acquisition Total Checkouts Full call number Barcode Date last seen Price effective from Koha item type
          MACHAKOS UNIVERSITY LIBRARY MACHAKOS UNIVERSITY LIBRARY Technical section 21/09/2016 Donation(BFA)   RA 776 .E24 1998b 24876 11/06/2018 21/09/2016 Hard Covered Materials
© Machakos University Library, Along The Highway, Machakos Wote Rd, Machakos, Kenya P.O. Box 136 - 90100 Machakos - Kenya

Tel: ( +254 ) 723 805829 OR Fax : 044-20353 OR Email: library@mksu.ac.ke